Song by Opening Lyric #4 - Statistics

General Stats
  • This quiz has been taken 46 times
  • The average score is 14 of 40
Answer Stats
Opening Lyric Song Artist % Correct
- Billy Jean -
69%
- The Beatles -
69%
- Eleanor Rigby -
64%
- Elvis Presley -
64%
- Blue Suede Shoes -
56%
- Free Falling -
56%
- Tom Petty -
54%
- Safety Dance -
44%
- Simon & Garfunkel -
44%
- Men Without Hats -
41%
- Michael Jackson -
41%
- R.E.M. -
41%
- It's the End of the World -
38%
- The Chain -
38%
- The Who -
38%
- Fleetwood Mac -
36%
- London Calling -
36%
- Sweet Caroline -
36%
- The Band -
36%
- The Clash -
36%
- Baba O'Riley -
33%
- The Boxer -
33%
- The Weight -
33%
- Neil Diamond -
31%
- Take Me to Church -
31%
- West End Girls -
28%
- Don't You Forget About Me -
26%
- Hozier -
26%
- Lord Huron -
26%
- Pet Shop Boys -
26%
- The Night We Met -
26%
- Forever Young -
21%
- Alphaville -
18%
- Jumper -
18%
- In Too Deep -
15%
- Simple Minds -
15%
- Third Eye Blind -
15%
- Brandy -
13%
- Looking Glass -
13%
- Sum 41 -
13%
No matching quizzes found
Score Distribution
Percent of People with Each Score
Percentile by Number Answered
Your Score History
You have not taken this quiz